| 000 | 00912nam a2200277 i 4500 | ||
|---|---|---|---|
| 001 | 000038947 | ||
| 003 | DO-SdBNP | ||
| 005 | 20231003154414.0 | ||
| 007 | ta | ||
| 008 | 130507s1976 dr a 000 0 spa d | ||
| 040 |
_aDO-SdBNP _bspa _cBNPHU _erda |
||
| 082 | 4 | _222 | |
| 245 | 0 | 3 |
_aLa familia y la armonia sexual / _brevisión, Alberto Noboa, Salvador Iglesias, Antonia Ramírez |
| 264 |
_aSanto Domingo : _bInstituto Nacional de Educación Sexual, _c1976. |
||
| 300 |
_a177 páginas : _bilustraciones ; _c21 cm. |
||
| 336 |
_2rdacontent _atexto _btxt |
||
| 337 |
_2rdamedia _asin mediación _bn |
||
| 338 |
_2rdacarrier _avolumen _bnc |
||
| 490 |
_aEducación sexual _v5 |
||
| 590 | _aInventariado, 2023/BT | ||
| 700 | 1 |
_aNoboa, Alberto, _erevisión _984356 |
|
| 700 | 1 |
_aIglesias, Salvador, _erevisión _984357 |
|
| 700 | 1 |
_aRamírez, Antonia, _erevisión _932018 |
|
| 910 | _aBtavárez | ||
| 942 |
_2ddc _cLBS1 |
||
| 999 |
_c38437 _d38437 |
||